[Event "GER-chT U20"]
[Site "Braunschweig"]
[Date "2019.12.27"]
[Round "2.4"]
[White "Brunner, Wilken"]
[Black "Reimer, Philip"]
[Result "1-0"]
[WhiteElo "1978"]
[BlackElo "2065"]
[PlyCount "99"]
[EventDate "2019.12.27"]
[EventType "team-swiss"]
[EventRounds "7"]
[EventCountry "GER"]
[SourceTitle "CBM 194 Extra"]
[Source "ChessBase"]
[SourceDate "2020.03.31"]
[SourceVersion "1"]
[SourceVersionDate "2020.03.31"]
[SourceQuality "1"]
[WhiteTeam "Karlsruhe SF"]
[BlackTeam "Lehrte"]
[WhiteTeamCountry "GER"]
[BlackTeamCountry "GER"]

1. Nf3 Nf6 2. d4 e6 3. g3 b5 4. Bg2 Bb7 5. 0-0 c5 6. c3 Nc6 7. Qb3 Qb6 8. Na3 a6 9. Be3 Be7 10. dxc5 Bxc5 11. Nc4 bxc4 12. Qxb6 Bxb6 13. Bxb6 d6 14. Nd2 d5 15. Bc5 Ne7 16. Nxc4 Nf5 17. Ba3 Rc8 18. Na5 Ba8 19. Rfd1 h5 20. h3 g5 21. e3 Ne4 22. Bf1 Nfd6 23. Bxa6 Rc7 24. Nb3 Nc4 25. Bb5+ Kd8 26. Bxc4 Rxc4 27. Rd4 Rc7 28. Rad1 Kc8 29. Rc1 f5 30. Ra4 Kd7 31. f3 Nxg3 32. Kf2 Bc6 33. Ra5 f4 34. Nc5+ Kc8 35. Nxe6 Nf5 36. exf4 Rd7 37. fxg5 Re8 38. Nd4 Nxd4 39. cxd4 Kb7 40. Bc5 Kc8 41. b4 h4 42. b5 Bb7 43. Bd6+ Kd8 44. Be5 Re6 45. Rg1 Ke8 46. f4 Kf8 47. g6 Rb6 48. f5 Rd8 49. g7+ Kg8 50. Bc7 1-0

[Event "Verbandsliga Nordbaden 1819"]
[Site "Baden"]
[Date "2018.12.02"]
[Round "3.8"]
[White "Kappes, Konstantin"]
[Black "Brunner, Wilken"]
[Result "1-0"]
[WhiteElo "1994"]
[BlackElo "1996"]
[PlyCount "119"]
[EventDate "2018.10.14"]
[EventType "team-tourn"]
[EventRounds "9"]
[EventCountry "GER"]
[SourceTitle "EXT 2020"]
[Source "ChessBase"]
[SourceDate "2019.10.17"]
[SourceVersion "1"]
[SourceVersionDate "2019.10.17"]
[SourceQuality "1"]
[WhiteTeam "Bad Mergentheim II"]
[BlackTeam "Karlsruhe"]
[WhiteTeamCountry "GER"]
[BlackTeamCountry "GER"]

1. b3 e5 2. Bb2 Nc6 3. c4 d6 4. g3 Be7 5. Bg2 f5 6. a3 a5 7. e3 Nf6 8. Nc3 0-0 9. Nge2 Qe8 10. d4 Kh8 11. Nd5 Bd8 12. 0-0 Qh5 13. Nec3 Qh6 14. Nxf6 Qxf6 15. Nd5 Qg5 16. f4 Qh6 17. dxe5 dxe5 18. fxe5 Re8 19. e4 Nxe5 20. exf5 c6 21. Re1 Bxf5 22. Bxe5 cxd5 23. Bxg7+ Kxg7 24. Qxd5 Be6 25. Qxb7+ Be7 26. Bd5 Rab8 27. Qa7 Kh8 28. Bxe6 Qf8 29. Kg2 Bc5 30. Qf7 Qxf7 31. Bxf7 Rxe1 32. Rxe1 Kg7 33. b4 axb4 34. axb4 Bxb4 35. Rf1 Rb7 36. Bd5 Re7 37. h4 Bd6 38. Rf3 Bc5 39. Kh3 h6 40. Kg4 Be3 41. Rf5 Bc5 42. Kh5 Bd6 43. g4 Re5 44. Rxe5 Bxe5 45. c5 Bf4 46. g5 Bc7 47. Kg4 Ba5 48. c6 Bc7 49. Kf5 Ba5 50. g6 Kf8 51. Ke6 Kg7 52. h5 Bb6 53. Kd7 Kf6 54. c7 Bxc7 55. Kxc7 Kg7 56. Kd6 Kf6 57. Be4 Kg7 58. Ke6 Kh8 59. Kf6 Kg8 60. Bd5+ 1-0

[Event "Niedersachsen-ch"]
[Site "Verden"]
[Date "2018.01.04"]
[Round "1"]
[White "Mueer, Sebastian"]
[Black "Brunner, Wilken"]
[Result "1-0"]
[WhiteElo "2236"]
[BlackElo "2035"]
[PlyCount "59"]
[EventDate "2018.01.04"]
[EventType "swiss"]
[EventRounds "7"]
[EventCountry "GER"]
[SourceTitle "EXT 2022"]
[Source "ChessBase"]
[SourceDate "2021.10.06"]
[SourceVersion "1"]
[SourceVersionDate "2021.10.06"]
[SourceQuality "1"]

1. Nf3 Nf6 2. c4 g6 3. Nc3 Bg7 4. e4 d6 5. d4 0-0 6. h3 e5 7. d5 Nh5 8. g3 Qe8 9. Be2 f5 10. exf5 gxf5 11. Nh4 Nf6 12. Qc2 a5 13. Nxf5 Bxf5 14. Qxf5 Nxd5 15. Qe4 Nxc3 16. bxc3 c6 17. Ba3 Qf7 18. 0-0-0 Qxf2 19. Bd3 Bh6+ 20. Kb1 Rf7 21. Rhf1 Qb6+ 22. Ka1 Rg7 23. c5 Qd8 24. cxd6 Nd7 25. Rf5 Bg5 26. Rdf1 Bf6 27. Bc4+ Kh8 28. Be6 Bg5 29. Bxd7 Qxd7 30. Qxe5 1-0

[Event "GER-ch U18"]
[Site "Willingen"]
[Date "2017.06.09"]
[Round "8"]
[White "Brunner, Wilken"]
[Black "Kueppers, Timo"]
[Result "1/2-1/2"]
[WhiteElo "2037"]
[BlackElo "2172"]
[PlyCount "43"]
[EventDate "2017.06.04"]
[EventType "swiss"]
[EventRounds "9"]
[EventCountry "GER"]
[SourceTitle "CBM 178 Extra"]
[Source "ChessBase"]
[SourceDate "2017.06.22"]
[SourceVersion "1"]
[SourceVersionDate "2017.06.22"]
[SourceQuality "1"]

1. d4 Nf6 2. Nf3 c5 3. d5 d6 4. Nc3 g6 5. e4 Bg7 6. Bb5+ Bd7 7. Be2 0-0 8. Nd2 Na6 9. 0-0 Nc7 10. a4 b6 11. Nc4 Bc8 12. Bf4 Bb7 13. h3 Qd7 14. Re1 Rad8 15. Qd2 Qc8 16. Rad1 Qa8 17. Bg3 Rfe8 18. Qc1 Qb8 19. Kh1 Ba8 20. f4 a6 21. Na3 e6 22. dxe6 1/2-1/2

[Event "GER-ch U18"]
[Site "Willingen"]
[Date "2017.06.04"]
[Round "2"]
[White "Philippi, Aidan"]
[Black "Brunner, Wilken"]
[Result "0-1"]
[WhiteElo "1664"]
[BlackElo "2037"]
[PlyCount "90"]
[EventDate "2017.06.04"]
[EventType "swiss"]
[EventRounds "9"]
[EventCountry "GER"]
[SourceTitle "CBM 178 Extra"]
[Source "ChessBase"]
[SourceDate "2017.06.22"]
[SourceVersion "1"]
[SourceVersionDate "2017.06.22"]
[SourceQuality "1"]

1. e4 e6 2. d4 d5 3. Nc3 Nf6 4. e5 Nfd7 5. Nf3 c5 6. Ne2 Nc6 7. c3 Qb6 8. Qc2 f6 9. exf6 Nxf6 10. Be3 Bd7 11. Ng5 Rc8 12. dxc5 Bxc5 13. Bxc5 Qxc5 14. Ng3 e5 15. Bd3 e4 16. Bxe4 dxe4 17. N3xe4 Nxe4 18. Nxe4 Qe7 19. 0-0-0 0-0 20. Nd6 Rb8 21. Rhe1 Qg5+ 22. Kb1 Bf5 23. Nxf5 Qxf5 24. f3 Qxc2+ 25. Kxc2 Rfe8 26. f4 Rxe1 27. Rxe1 Kf7 28. g3 Re8 29. Rxe8 Kxe8 30. Kd3 Ke7 31. b4 b5 32. a3 Kd6 33. Ke4 Ne7 34. Kd4 Nf5+ 35. Ke4 Ke6 36. g4 Nd6+ 37. Kd4 Nc4 38. a4 a6 39. axb5 axb5 40. Kc5 Na3 41. h3 h6 42. h4 g6 43. Kc6 h5 44. f5+ gxf5 45. gxh5 f4 0-1

[Event "Niedersachsen-ch op-B"]
[Site "Verden"]
[Date "2017.01.07"]
[Round "6"]
[White "Brunner, Wilken"]
[Black "Stelmaszyk, Nico"]
[Result "1-0"]
[WhiteElo "1903"]
[BlackElo "1827"]
[PlyCount "45"]
[EventDate "2017.01.05"]
[EventType "swiss"]
[EventRounds "7"]
[EventCountry "GER"]
[SourceTitle "CBM 187 Extra"]
[Source "ChessBase"]
[SourceDate "2018.11.04"]
[SourceVersion "1"]
[SourceVersionDate "2018.11.04"]
[SourceQuality "1"]

1. d4 d5 2. c4 e6 3. Nc3 c5 4. cxd5 exd5 5. e4 dxe4 6. Bc4 Qb6 7. Nd5 Qd6 8. Bf4 Qg6 9. Nc7+ Kd8 10. dxc5+ Bd7 11. Bg3 Bxc5 12. Nxa8 e3 13. fxe3 Nf6 14. Qd3 Ne4 15. 0-0-0 Nxg3 16. hxg3 Qc6 17. Kb1 Re8 18. Bb5 Qe6 19. Bxd7 Nxd7 20. Nf3 Kc8 21. Rh5 Qg6 22. Rd5 Qb6 23. Nxb6+ 1-0

[Event "Niedersachsen-ch op-A"]
[Site "Verden"]
[Date "2015.01.03"]
[Round "4"]
[White "Brunner, Wilken"]
[Black "Krueger, Thomas"]
[Result "0-1"]
[WhiteElo "1640"]
[BlackElo "1803"]
[PlyCount "116"]
[EventDate "2015.01.02"]
[EventType "swiss"]
[EventRounds "7"]
[EventCountry "GER"]
[SourceTitle "EXT 2018"]
[Source "ChessBase"]
[SourceDate "2017.10.13"]
[SourceVersion "1"]
[SourceVersionDate "2017.10.13"]
[SourceQuality "1"]

1. d4 d6 2. e4 Nf6 3. Nc3 c6 4. a4 a5 5. h3 Nbd7 6. Nf3 e5 7. dxe5 dxe5 8. Be3 Bb4 9. Bd3 0-0 10. 0-0 Re8 11. Ne2 Bc5 12. Bg5 Nf8 13. c3 h6 14. Bh4 Ng6 15. Bg3 Nh5 16. Qc2 Qf6 17. Nh2 Be6 18. Rab1 Nxg3 19. Nxg3 Rad8 20. Nf5 Bxf5 21. exf5 Nf4 22. Be4 Qg5 23. Kh1 Rd6 24. b4 axb4 25. cxb4 Ba7 26. Rg1 Red8 27. Nf3 Qe7 28. b5 cxb5 29. axb5 Bb6 30. Rge1 f6 31. Qa2+ Kh7 32. Qc2 Nd3 33. Bxd3 Rxd3 34. Kg1 Qd7 35. Rb3 Qxf5 36. Rxd3 Qxd3 37. Qxd3+ Rxd3 38. h4 h5 39. Kf1 Rb3 40. Nxe5 fxe5 41. Rxe5 Rb1+ 42. Ke2 Rb2+ 43. Kd3 Bxf2 44. Kc3 Rb1 45. Rf5 Be1+ 46. Kc2 Rb4 47. Rxh5+ Kg6 48. Rg5+ Kf6 49. Rd5 Bxh4 50. Rd6+ Ke5 51. Rb6 Rc4+ 52. Kb3 Rc7 53. Ka4 Be7 54. Rg6 Bc5 55. Rg5+ Kf6 56. Rd5 b6 57. Rd1 Re7 58. Rf1+ Kg5 0-1

[Event "Niedersachsen-ch op"]
[Site "Verden"]
[Date "2011.01.05"]
[Round "7"]
[White "Brunner, Wilken"]
[Black "Hilmes, Benedikt"]
[Result "0-1"]
[WhiteElo "760"]
[BlackElo "755"]
[PlyCount "68"]
[EventDate "2011.01.02"]
[EventType "swiss"]
[EventRounds "7"]
[EventCountry "GER"]
[SourceTitle "EXT 2018"]
[Source "ChessBase"]
[SourceDate "2017.10.13"]
[SourceVersion "1"]
[SourceVersionDate "2017.10.13"]
[SourceQuality "1"]

1. e4 e5 2. Nf3 Nc6 3. Bb5 Nf6 4. d3 d6 5. Nc3 Bg4 6. Bg5 Be7 7. Bxc6+ bxc6 8. 0-0 0-0 9. Bxf6 Bxf6 10. h3 Bh5 11. Qe2 d5 12. a3 Bh4 13. Nxh4 Bxe2 14. Nxe2 Qxh4 15. exd5 cxd5 16. Rae1 Rae8 17. d4 exd4 18. Ng3 Rxe1 19. Rxe1 Qd8 20. Rd1 Qf6 21. Kh2 Qxf2 22. b4 Qxc2 23. Rxd4 Qb2 24. Nf5 Re8 25. Ng3 Qxa3 26. Rxd5 Qxb4 27. Nf5 Qf4+ 28. Ng3 h6 29. Rf5 Qd2 30. Rf1 Rb8 31. h4 Rb2 32. Rg1 a5 33. Ne4 Qf4+ 34. Kh1 Qxh4# 0-1

[Event "Niedersachsen-ch op"]
[Site "Verden"]
[Date "2011.01.04"]
[Round "5"]
[White "Brunner, Wilken"]
[Black "Sieber, Fiona"]
[Result "0-1"]
[WhiteElo "760"]
[BlackElo "1663"]
[PlyCount "76"]
[EventDate "2011.01.02"]
[EventType "swiss"]
[EventRounds "7"]
[EventCountry "GER"]
[SourceTitle "EXT 2018"]
[Source "ChessBase"]
[SourceDate "2017.10.13"]
[SourceVersion "1"]
[SourceVersionDate "2017.10.13"]
[SourceQuality "1"]

1. e4 c5 2. b3 Nc6 3. Bb2 d6 4. f4 Nf6 5. d3 e5 6. fxe5 dxe5 7. Nf3 Bd6 8. Be2 0-0 9. Nbd2 b5 10. c4 b4 11. Qc2 Nd4 12. Nxd4 exd4 13. Nf3 Ng4 14. Bc1 Ne5 15. 0-0 Qc7 16. g3 Bh3 17. Rf2 Ng4 18. Bd1 Nxf2 19. Kxf2 Rae8 20. Qd2 f5 21. Bc2 fxe4 22. dxe4 Bg4 23. Bd1 Rxe4 24. Qg5 Qf7 25. Qd5 Qxd5 26. cxd5 Re7 27. Bg5 Ref7 28. Bc2 Rxf3+ 29. Ke2 Re3+ 30. Kd2 Rf2+ 31. Kc1 Re1+ 32. Kb2 Rxa1 33. Kxa1 Rxc2 34. Bf4 Bxf4 35. gxf4 d3 36. Kb1 Rxh2 37. Kc1 d2+ 38. Kc2 d1Q# 0-1

[Event "Niedersachsen-ch op"]
[Site "Verden"]
[Date "2011.01.04"]
[Round "6"]
[White "Laubrock, Paul"]
[Black "Brunner, Wilken"]
[Result "1-0"]
[WhiteElo "1377"]
[BlackElo "760"]
[PlyCount "74"]
[EventDate "2011.01.02"]
[EventType "swiss"]
[EventRounds "7"]
[EventCountry "GER"]
[SourceTitle "EXT 2018"]
[Source "ChessBase"]
[SourceDate "2017.10.13"]
[SourceVersion "1"]
[SourceVersionDate "2017.10.13"]
[SourceQuality "1"]

1. d4 Nf6 2. f3 d5 3. Bf4 Nc6 4. Qd2 b6 5. Nc3 a6 6. e3 e6 7. Bd3 Bd6 8. Nge2 e5 9. Bg5 Bb4 10. 0-0-0 exd4 11. exd4 Bxc3 12. Qxc3 Bb7 13. Rde1 0-0 14. g4 a5 15. h4 Nb4 16. Kb1 h6 17. Bc1 Qd6 18. g5 hxg5 19. hxg5 Nd7 20. f4 c5 21. Bh7+ Kh8 22. Qh3 Qh6 23. gxh6 g6 24. Qxd7 Kxh7 25. Qxb7 Rab8 26. Qe7 Rbe8 27. Qf6 Rg8 28. Qxf7+ Kh8 29. Rhg1 Ref8 30. Qe6 Kh7 31. Rg2 Re8 32. Qf7+ Kh8 33. Rxg6 Ref8 34. Rxg8+ Rxg8 35. Nc3 cxd4 36. Qf6+ Kh7 37. Re7+ Rg7 1-0

[Event "Niedersachsen-ch op"]
[Site "Verden"]
[Date "2011.01.02"]
[Round "2"]
[White "Borkenhagen, Bernd"]
[Black "Brunner, Wilken"]
[Result "1-0"]
[WhiteElo "1733"]
[BlackElo "760"]
[PlyCount "65"]
[EventDate "2011.01.02"]
[EventType "swiss"]
[EventRounds "7"]
[EventCountry "GER"]
[SourceTitle "EXT 2018"]
[Source "ChessBase"]
[SourceDate "2017.10.13"]
[SourceVersion "1"]
[SourceVersionDate "2017.10.13"]
[SourceQuality "1"]

1. d4 Nf6 2. e3 e6 3. Bd3 d5 4. Nd2 b6 5. Ngf3 Bb7 6. 0-0 c5 7. c3 c4 8. Bb1 Qc7 9. h3 Nc6 10. Re1 Bd6 11. e4 0-0-0 12. e5 Be7 13. exf6 Bxf6 14. Nf1 e5 15. dxe5 Nxe5 16. Nxe5 Bxe5 17. Be3 Qc6 18. Bd4 Bxd4 19. Qxd4 f6 20. Ne3 g6 21. Bc2 f5 22. b4 g5 23. Bxf5+ Kb8 24. a4 a6 25. Ng4 h5 26. Ne5 Qe8 27. Nd7+ Rxd7 28. Rxe8+ Rxe8 29. Bxd7 Rg8 30. Re1 Ka7 31. a5 Kb8 32. axb6 Bc8 33. Qe5+ 1-0